01014nam a2200229 450000100060000000300090000600500170001500700030003200800410003524501430007626000790021930000320029859900410033065000590037165100620043065100390049270000520053171000470058385200170063099900170064795201200066499761ES-MaACL20230906182542.0t|050915s1936 sp f ||||1| spa d00aTrujillo del Perú a fines del Siglo XVIII b: dibujos y acuarelas que mandó hacer el obispo D. Baltasar Jaime Martínez Compañón. aMadrid : bPatrimonio de la República : bBiblioteca de Palacio,c[1936] aCIV h. de lám. ; c25 cm. aLám.: mapas, planos, il. col. y n.04aNaturaleza-zPerú-vObras anteriores a 1800.9142620 4aPerú-xDescripción-vObras anteriores a 1800.9142621 4aPerú-vObras ilustradas.91426251 aMartínez Compañón, Baltasar Jaime.9779492 aPalacio Real (Madrid). bBiblioteca.961014 a BA jC-2773 c99761d99761 00104070aATENEOMbATENEOMcSPALd2008-01-17eSCl0oC-2773p1104167r2023-02-23 00:00:00w2023-02-23yMONOGRAFIA